Responses for show #6203 - Wednesday, July 27, 2011

Contestants

[<< previous game]

Ryan Fox, a graduate student in mathematics education from Athens, Georgia

Amy George, a geographic information systems analyst from Richmond, Virginia

Linda Percy, a retired emergency room physician from Connellsville, Pennsylvania (whose 3-day cash winnings total $70,401)

[next game >>]

Jeopardy! Round responses

THE FRANKS
ABBREVIATED NO. 1 HITS
TRIAL PARTICIPANTS
QUOTATIONS FROM BARTLETT'S
FACE BOOK
THE "SOCIAL" NETWORK
    $200 11
Gaul

Amy
    $200 6
"I Will Always Love You"

Amy
    $200 1
the Boston Massacre

Linda
    $200 17
Yogi Berra

Linda
    $200 12
(Che) Guevara

Amy
    $200 26
Social Security

Linda
    $400 22
Charlemagne

Linda
    $400 7
"Rhinestone Cowboy"

Linda
    $400 2
John Brown

Linda
    $400 18
Where have all the flowers gone?

Linda
    $400 13
Queen Victoria

Linda
    $400 27
a social climber

Ryan
    $600 23
Pepin

Amy
    $600 8
"Turn! Turn! Turn!"

Ryan
    $600 3
(Ryan: Who is Henry VIII?)

Martin Luther

LindaRyan
    $600 19
Lake Wobegon

Ryan
    $600 14
(Ryan: Who is Goebbels?)

Sigmund Freud

LindaRyan
    $600 28
Socialist Republics

Amy
    $800 24
the hammer

Linda
    $800 9
(Amy: What is "Harajuga Girls"?)

"Hollaback Girl"

LindaAmy
    $600 4
Galileo

Linda
    $800 20
fire

Amy
    $800 15
T.S. Eliot

Triple Stumper
    $800 29
the social anxiety disorder

Linda
    $1000 25
Merovingian

Linda
    $1000 10
"The Long And Winding Road"

Linda
    $1000 5
Socrates

Linda
    $1000 21
John Dean

Linda
    $1000 16
Henry Kissinger

Amy
    $1000 30
(Amy: What is a social compact?) [originally ruled wrong, reversed after the break]

a social contract

AmyRyan

Scores at the first commercial break (after clue 16):

Linda Amy Ryan
$6,000 $800 -$600

Scores at the end of the Jeopardy! Round:

Linda Amy Ryan
$10,800 $3,800 $1,400

Double Jeopardy! Round responses

LAWS
FUNERAL PLOTS
THEIR DEBUT NOVELS
COLLEGES & UNIVERSITIES
LOCAL COLOR
WITH THIS "RING"
    $400 24
demand

Linda
    $400 30
Four Weddings and a Funeral

Linda
    $400 6
H.G. Wells

Amy
    $400 1
(Ryan: What is the civil rights movement?)

labor

LindaRyan
    $400 16
green

Linda
    $400 11
daring

Amy
    $800 25
fish

Amy
    $800 27
The Big Chill

Linda
    $800 7
(Jules) Verne

Ryan
    $800 2
Vanderbilt

Ryan
    $800 17
jaune

Amy
    $800 12
Springfield

Ryan
    $4,000 26
[Amy pumps fist]

volume

Amy
    $1200 21
Harold and Maude

Linda
    $1200 8
(Amy: Who is Sharp?)

(Nicholas) Sparks

AmyRyan
    $1200 3
Dallas

Ryan
    $1200 18
blue

Amy
    $1200 13
the Offspring

Triple Stumper
    $1600 28
work

Linda
    $1600 22
The Man who Shot Liberty Valance

Linda
    $1600 9
Richard Wright

Amy
    $3,000 4
[Ryan pumps fist]

Dartmouth College

Ryan
    $1600 19
the Zona Rosa

Amy
    $1600 14
a hearing

Amy
    $2000 29
pressure

Ryan
    $2000 23
Death at a Funeral

Triple Stumper
    $2000 10
(Robert James) Waller

Linda
    $2000 5
(Amy: What is Pennsylvania - what is U-)
(Alex: No)
...
(Alex: Yes, we're going for the school)

Penn State

AmyRyan
    $2000 20
weiss

Amy
    $2000 15
a ringmaster

Ryan

Scores at the end of the Double Jeopardy! Round:

Linda Amy Ryan
$19,600 $15,000 $14,800

[wagering suggestions for these scores]

Final Jeopardy! Round responses

ROYALTY
RyanWho was Charles I?
$4,000
AmyWho is Richard III?
$14,998
LindaWho is James II?
$10,401
Charles I

Final scores:

Linda Amy Ryan
$9,199 $2 $18,800
2nd place: $2,000 3rd place: $1,000 New champion: $18,800

Game dynamics:

Coryat scores:

Linda Amy Ryan
$19,800 $12,200 $13,400
27 R
(including 1 DD),
0 W
18 R
(including 1 DD),
3 W
13 R
(including 1 DD),
3 W

Combined Coryat: $45,400

The J! Archive is created by fans, for fans. The Jeopardy! game show and all elements thereof, including but not limited to copyright and trademark thereto, are the property of Jeopardy Productions, Inc. and are protected under law. This website is not affiliated with, sponsored by, or operated by Jeopardy Productions, Inc. Join the discussion at JBoard.tv.